Famous Landmarks#1 - Statistics

General Stats
  • This quiz has been taken 42 times
  • The average score is 9 of 12
Answer Stats
Picture Answer % Correct
Italy
100%
United Kingdom
100%
Brazil
97%
India
95%
Australia
87%
Japan
85%
Mexico
82%
Jordan
79%
United States of America
77%
Panama
69%
Space!
28%
New Zealand
13%
No matching quizzes found
Score Distribution
Percent of People with Each Score
Percentile by Number Answered
Your Score History
You have not taken this quiz